[Event "Deutsche Ländermeisterschaft 2025"]
[Site "Oer-Erkenschwick GER"]
[Date "2025.10.02"]
[Round "3"]
[White "Herrmann, Arthur"]
[Black "Ensslinger, Colin"]
[Result "1-0"]
[Termination "normal"]
[Board "6.3"]
[WhiteElo "2149"]
[BlackElo "2095"]
[WhiteClock "00:04:49"]
[BlackClock "00:03:07"]
[WhiteTeam "Sachsen"]
[BlackTeam "Württemberg"]
[PlyCount "59"]
[WhiteFideId "16287150"]
[BlackFideId "16226011"]
[EventCountry "GER"]
[EventRounds "7"]
[EventType "team-swiss"]
[EventDate "2025.09.30"]

1. e4 {[%clk 01:30:56]} {[%emt 00:00:03]} e5 {[%clk 01:30:55]} {[%emt
00:00:05]} 2. Nf3 {[%clk 01:31:23]} {[%emt 00:00:05]} Nc6 {[%clk 01:31:21]}
{[%emt 00:00:03]} 3. Bb5 {[%clk 01:31:36]} {[%emt 00:00:18]} a6 {[%clk
01:31:44]} {[%emt 00:00:07]} 4. Ba4 {[%clk 01:32:03]} {[%emt 00:00:03]} Nf6
{[%clk 01:32:09]} {[%emt 00:00:04]} 5. d3 {[%clk 01:30:55]} {[%emt 00:01:39]}
d6 {[%clk 01:32:28]} {[%emt 00:00:11]} 6. c3 {[%clk 01:30:06]} {[%emt
00:01:19]} g6 {[%clk 01:32:39]} {[%emt 00:00:19]} 7. O-O {[%clk 01:29:21]}
{[%emt 00:01:15]} Bg7 {[%clk 01:33:06]} {[%emt 00:00:03]} 8. Nbd2 {[%clk
01:28:23]} {[%emt 00:01:27]} O-O {[%clk 01:32:12]} {[%emt 00:01:24]} 9. Re1
{[%clk 01:27:45]} {[%emt 00:01:08]} Kh8 {[%clk 01:31:45]} {[%emt 00:00:57]} 10.
Nf1 {[%clk 01:13:35]} {[%emt 00:14:40]} Nd7 {[%clk 01:26:00]} {[%emt 00:06:15]}
11. d4 {[%clk 01:08:12]} {[%emt 00:05:53]} f5 {[%clk 01:22:03]} {[%emt
00:04:27]} 12. exf5 {[%clk 01:03:47]} {[%emt 00:04:54]} gxf5 {[%clk 01:20:46]}
{[%emt 00:01:47]} 13. dxe5 {[%clk 00:53:38]} {[%emt 00:10:39]} dxe5 {[%clk
01:19:21]} {[%emt 00:01:55]} 14. Ng3 {[%clk 00:43:15]} {[%emt 00:10:53]} Qe8
{[%clk 01:02:19]} {[%emt 00:17:31]} 15. Bc2 {[%clk 00:26:21]} {[%emt 00:17:25]}
Ne7 {[%clk 00:50:24]} {[%emt 00:12:26]} 16. Bg5 {[%clk 00:23:21]} {[%emt
00:03:30]} e4 {[%clk 00:44:08]} {[%emt 00:06:46]} 17. Bxe7 {[%clk 00:19:09]}
{[%emt 00:04:42]} Qxe7 {[%clk 00:44:37]} 18. Nxf5 {[%clk 00:17:40]} {[%emt
00:01:59]} Rxf5 {[%clk 00:44:37]} {[%emt 00:00:30]} 19. Bxe4 {[%clk 00:17:53]}
{[%emt 00:00:18]} Re5 {[%clk 00:42:29]} {[%emt 00:02:38]} 20. Nxe5 {[%clk
00:17:52]} {[%emt 00:00:31]} Bxe5 {[%clk 00:42:47]} {[%emt 00:00:11]} 21. Kh1
{[%clk 00:12:48]} {[%emt 00:05:35]} Qc5 {[%clk 00:33:03]} {[%emt 00:10:13]} 22.
Bd5 {[%clk 00:08:58]} {[%emt 00:04:20]} Qxf2 {[%clk 00:24:55]} {[%emt
00:08:38]} 23. Qh5 {[%clk 00:08:43]} {[%emt 00:00:45]} Qf6 {[%clk 00:23:49]}
{[%emt 00:01:36]} 24. Qe8+ {[%clk 00:07:18]} {[%emt 00:01:54]} Kg7 {[%clk
00:24:13]} {[%emt 00:00:07]} 25. Rf1 {[%clk 00:06:04]} {[%emt 00:01:45]} Qd6
{[%clk 00:19:30]} {[%emt 00:05:13]} 26. Qf7+ {[%clk 00:05:12]} {[%emt
00:01:21]} Kh6 {[%clk 00:19:41]} {[%emt 00:00:19]} 27. Be6 {[%clk 00:04:00]}
{[%emt 00:01:43]} Nf8 {[%clk 00:02:28]} {[%emt 00:17:43]} 28. Qxf8+ {[%clk
00:04:02]} {[%emt 00:00:27]} Qxf8 {[%clk 00:02:53]} {[%emt 00:00:04]} 29. Rxf8
{[%clk 00:04:27]} {[%emt 00:00:06]} Bxe6 {[%clk 00:03:07]} {[%emt 00:00:15]}
30. Rxa8 {[%clk 00:04:49]} {[%emt 00:00:10]} 1-0

[Event "Deutsche Ländermeisterschaft 2025"]
[Site "Oer-Erkenschwick GER"]
[Date "2025.10.02"]
[Round "3"]
[White "Naumann, Lennart"]
[Black "Nguyen, Thanh An"]
[Result "0-1"]
[Termination "normal"]
[Board "6.4"]
[WhiteElo "1895"]
[BlackElo "2005"]
[WhiteClock "00:05:06"]
[BlackClock "00:57:59"]
[WhiteTeam "Württemberg"]
[BlackTeam "Sachsen"]
[PlyCount "112"]
[WhiteFideId "34644830"]
[BlackFideId "34627804"]
[EventCountry "GER"]
[EventRounds "7"]
[EventType "team-swiss"]
[EventDate "2025.09.30"]

1. e4 {[%clk 01:30:59]} c5 {[%clk 01:30:55]} {[%emt 00:00:06]} 2. c3 {[%clk
01:31:23]} {[%emt 00:00:05]} Nf6 {[%clk 01:31:22]} {[%emt 00:00:03]} 3. e5
{[%clk 01:31:47]} {[%emt 00:00:06]} Nd5 {[%clk 01:31:49]} {[%emt 00:00:04]} 4.
d4 {[%clk 01:32:09]} {[%emt 00:00:08]} cxd4 {[%clk 01:31:31]} {[%emt 00:00:48]}
5. cxd4 {[%clk 01:32:35]} {[%emt 00:00:02]} e6 {[%clk 01:31:52]} {[%emt
00:00:10]} 6. Nf3 {[%clk 01:32:20]} {[%emt 00:00:45]} d6 {[%clk 01:31:57]}
{[%emt 00:00:26]} 7. Nc3 {[%clk 01:31:15]} {[%emt 00:01:34]} Nc6 {[%clk
01:32:01]} {[%emt 00:00:26]} 8. Bb5 {[%clk 01:30:45]} {[%emt 00:00:59]} Bd7
{[%clk 01:31:48]} {[%emt 00:00:44]} 9. Nxd5 {[%clk 01:25:30]} {[%emt 00:05:45]}
exd5 {[%clk 01:32:14]} {[%emt 00:00:05]} 10. O-O {[%clk 01:24:08]} {[%emt
00:01:51]} Be7 {[%clk 01:21:12]} {[%emt 00:11:32]} 11. Qb3 {[%clk 01:18:12]}
{[%emt 00:06:24]} Be6 {[%clk 01:17:09]} {[%emt 00:04:34]} 12. exd6 {[%clk
01:11:45]} {[%emt 00:06:58]} Bxd6 {[%clk 01:15:06]} {[%emt 00:02:33]} 13. Ng5
{[%clk 01:11:04]} {[%emt 00:01:08]} O-O {[%clk 01:15:27]} {[%emt 00:00:11]} 14.
Qc2 {[%clk 01:10:50]} {[%emt 00:00:44]} g6 {[%clk 01:15:21]} {[%emt 00:00:36]}
15. Nxe6 {[%clk 01:02:51]} {[%emt 00:08:28]} fxe6 {[%clk 01:15:45]} {[%emt
00:00:06]} 16. Be3 {[%clk 01:03:05]} {[%emt 00:00:15]} Nxd4 {[%clk 01:14:12]}
{[%emt 00:02:04]} 17. Bxd4 {[%clk 01:00:51]} {[%emt 00:02:44]} Qh4 {[%clk
01:14:38]} {[%emt 00:00:03]} 18. Rfd1 {[%clk 00:43:14]} {[%emt 00:18:06]} Qxh2+
{[%clk 01:13:04]} {[%emt 00:02:06]} 19. Kf1 {[%clk 00:43:08]} {[%emt 00:00:35]}
Qh1+ {[%clk 01:13:29]} {[%emt 00:00:06]} 20. Ke2 {[%clk 00:43:26]} {[%emt
00:00:11]} Qxg2 {[%clk 01:13:53]} {[%emt 00:00:07]} 21. Rg1 {[%clk 00:43:43]}
{[%emt 00:00:12]} Qf3+ {[%clk 01:14:19]} {[%emt 00:00:06]} 22. Kf1 {[%clk
00:41:39]} {[%emt 00:02:33]} Kf7 {[%clk 00:57:18]} {[%emt 00:17:31]} 23. Qc3
{[%clk 00:26:43]} {[%emt 00:15:25]} Qxc3 {[%clk 00:52:57]} {[%emt 00:04:53]}
24. Bxc3 {[%clk 00:27:05]} {[%emt 00:00:08]} Ke7 {[%clk 00:52:13]} {[%emt
00:01:14]} 25. Bd4 {[%clk 00:21:06]} {[%emt 00:06:25]} Rf4 {[%clk 00:52:19]}
{[%emt 00:00:26]} 26. Rd1 {[%clk 00:19:09]} {[%emt 00:02:26]} a6 {[%clk
00:51:07]} {[%emt 00:01:45]} 27. Be2 {[%clk 00:17:11]} {[%emt 00:02:26]} Raf8
{[%clk 00:46:29]} {[%emt 00:05:09]} 28. a3 {[%clk 00:12:41]} {[%emt 00:04:59]}
Rc8 {[%clk 00:43:10]} {[%emt 00:03:50]} 29. Be3 {[%clk 00:12:31]} {[%emt
00:00:38]} Rf7 {[%clk 00:42:23]} {[%emt 00:01:19]} 30. Bg4 {[%clk 00:09:55]}
{[%emt 00:03:04]} Rc2 {[%clk 00:40:19]} {[%emt 00:02:35]} 31. Bd4 {[%clk
00:09:29]} {[%emt 00:00:54]} e5 {[%clk 00:37:18]} {[%emt 00:03:33]} 32. Be3
{[%clk 00:07:49]} {[%emt 00:02:06]} d4 {[%clk 00:37:26]} {[%emt 00:00:26]} 33.
Bg5+ {[%clk 00:08:10]} {[%emt 00:00:06]} Ke8 {[%clk 00:37:56]} 34. Rd2 {[%clk
00:07:38]} {[%emt 00:01:05]} Rxd2 {[%clk 00:34:14]} {[%emt 00:04:13]} 35. Bxd2
{[%clk 00:08:00]} {[%emt 00:00:08]} Rc7 {[%clk 00:32:09]} {[%emt 00:02:36]} 36.
Bd1 {[%clk 00:06:51]} {[%emt 00:01:38]} Kf7 {[%clk 00:31:53]} {[%emt 00:00:46]}
37. Ke2 {[%clk 00:07:00]} {[%emt 00:00:20]} e4 {[%clk 00:31:07]} {[%emt
00:01:18]} 38. Rg4 {[%clk 00:06:41]} {[%emt 00:00:45]} Re7 {[%clk 00:31:16]}
{[%emt 00:00:23]} 39. Bb3+ {[%clk 00:06:48]} {[%emt 00:00:23]} Kg7 {[%clk
00:30:35]} {[%emt 00:01:12]} 40. Bg5 {[%clk 00:04:21]} {[%emt 00:02:56]} Re8
{[%clk 00:28:21]} {[%emt 00:02:45]} 41. Bd5 {[%clk 00:03:55]} {[%emt 00:00:56]}
Re5 {[%clk 00:27:46]} {[%emt 00:01:05]} 42. Ba2 {[%clk 00:22:42]} {[%emt
00:11:42]} h5 {[%clk 00:58:05]} {[%emt 00:00:12]} 43. Rg1 {[%clk 00:22:30]}
{[%emt 00:00:41]} Rc5 {[%clk 00:57:59]} {[%emt 00:00:38]} 44. Kd1 {[%clk
00:13:31]} {[%emt 00:09:24]} Bh2 {[%clk 00:54:06]} {[%emt 00:04:27]} 45. Be7
{[%clk 00:06:50]} {[%emt 00:07:09]} Rc7 {[%clk 00:54:26]} {[%emt 00:00:11]} 46.
Bd8 {[%clk 00:06:11]} {[%emt 00:01:09]} Rc8 {[%clk 00:54:35]} {[%emt 00:00:23]}
47. Rg2 {[%clk 00:06:16]} {[%emt 00:00:23]} Bf4 {[%clk 00:55:01]} {[%emt
00:00:05]} 48. Bb1 {[%clk 00:03:38]} {[%emt 00:03:09]} Rc1+ {[%clk 00:55:17]}
{[%emt 00:00:14]} 49. Ke2 {[%clk 00:04:01]} {[%emt 00:00:06]} Rxb1 {[%clk
00:55:42]} {[%emt 00:00:06]} 50. Rxg6+ {[%clk 00:03:07]} {[%emt 00:01:23]} Kxg6
{[%clk 00:56:09]} {[%emt 00:00:04]} 51. f3 {[%clk 00:03:30]} {[%emt 00:00:07]}
d3+ {[%clk 00:56:26]} {[%emt 00:00:13]} 52. Kf2 {[%clk 00:03:55]} {[%emt
00:00:05]} Rxb2+ {[%clk 00:56:52]} {[%emt 00:00:04]} 53. Kf1 {[%clk 00:04:03]}
{[%emt 00:00:22]} d2 {[%clk 00:57:10]} {[%emt 00:00:13]} 54. Ba5 {[%clk
00:04:28]} {[%emt 00:00:04]} d1=Q+ {[%clk 00:57:33]} {[%emt 00:00:07]} 55. Be1
{[%clk 00:04:42]} {[%emt 00:00:16]} Qe2+ {[%clk 00:57:59]} {[%emt 00:00:04]}
56. Kg1 {[%clk 00:05:06]} {[%emt 00:00:06]} Qg2# {[%emt 00:00:21]} 0-1

[Event "Deutsche Ländermeisterschaft 2025"]
[Site "Oer-Erkenschwick GER"]
[Date "2025.10.02"]
[Round "3"]
[White "Dotschuweit, Erik"]
[Black "Moldovan, Stela"]
[Result "0-1"]
[Termination "normal"]
[Board "6.5"]
[WhiteElo "1733"]
[BlackElo "1841"]
[WhiteClock "00:15:46"]
[BlackClock "00:24:05"]
[WhiteTeam "Sachsen"]
[BlackTeam "Württemberg"]
[PlyCount "100"]
[WhiteFideId "34610146"]
[BlackFideId "16287380"]
[EventCountry "GER"]
[EventRounds "7"]
[EventType "team-swiss"]
[EventDate "2025.09.30"]

1. d4 {[%clk 01:30:55]} {[%emt 00:00:05]} d5 {[%clk 01:30:29]} {[%emt
00:00:31]} 2. Bf4 {[%clk 01:31:19]} {[%emt 00:00:07]} c5 {[%clk 01:30:26]}
{[%emt 00:00:33]} 3. c3 {[%clk 01:31:07]} {[%emt 00:00:42]} Nc6 {[%clk
01:30:21]} {[%emt 00:00:34]} 4. Nf3 {[%clk 01:30:48]} {[%emt 00:00:50]} Nf6
{[%clk 01:29:40]} {[%emt 00:01:10]} 5. e3 {[%clk 01:30:00]} {[%emt 00:01:18]}
Qb6 {[%clk 01:29:35]} {[%emt 00:00:35]} 6. Qb3 {[%clk 01:25:13]} {[%emt
00:05:18]} c4 {[%clk 01:29:41]} {[%emt 00:00:24]} 7. Qxb6 {[%clk 01:25:13]}
{[%emt 00:00:30]} axb6 {[%clk 01:30:05]} {[%emt 00:00:06]} 8. Nbd2 {[%clk
01:20:14]} {[%emt 00:05:28]} b5 {[%clk 01:28:00]} {[%emt 00:02:35]} 9. Be2
{[%clk 01:16:46]} {[%emt 00:03:59]} b4 {[%clk 01:26:16]} {[%emt 00:02:15]} 10.
O-O {[%clk 01:14:17]} {[%emt 00:02:59]} h6 {[%clk 01:24:16]} {[%emt 00:02:30]}
11. Ne5 {[%clk 01:09:11]} {[%emt 00:05:35]} bxc3 {[%clk 01:18:39]} {[%emt
00:06:08]} 12. bxc3 {[%clk 01:09:00]} {[%emt 00:00:42]} Bf5 {[%clk 01:18:19]}
{[%emt 00:00:48]} 13. Bf3 {[%clk 01:06:21]} {[%emt 00:03:10]} g5 {[%clk
01:15:18]} {[%emt 00:03:31]} 14. Bg3 {[%clk 01:05:03]} {[%emt 00:01:49]} g4
{[%clk 01:14:21]} {[%emt 00:01:26]} 15. Be2 {[%clk 01:04:00]} {[%emt 00:01:32]}
Ra3 {[%clk 01:06:11]} {[%emt 00:08:39]} 16. Nb1 {[%clk 01:01:51]} {[%emt
00:02:41]} Ra6 {[%clk 01:05:11]} {[%emt 00:01:26]} 17. Nd2 {[%clk 01:01:17]}
{[%emt 00:01:07]} e6 {[%clk 01:04:57]} {[%emt 00:00:44]} 18. Bh4 {[%clk
00:59:57]} {[%emt 00:01:51]} Nd7 {[%clk 01:00:09]} {[%emt 00:05:16]} 19. Nxg4
{[%clk 00:58:49]} {[%emt 00:01:39]} Ba3 {[%clk 00:59:47]} {[%emt 00:00:51]} 20.
Nf6+ {[%clk 00:58:37]} {[%emt 00:00:43]} Nxf6 {[%emt 00:00:18]} 21. Bxf6 {[%clk
00:59:02]} {[%emt 00:00:02]} Rg8 {[%clk 01:00:22]} {[%emt 00:00:09]} 22. e4
{[%clk 00:49:08]} {[%emt 00:10:25]} Bh3 {[%clk 00:56:30]} {[%emt 00:04:20]} 23.
Bf3 {[%clk 00:48:31]} {[%emt 00:01:08]} Bb2 {[%clk 00:54:53]} {[%emt 00:02:07]}
24. Rab1 {[%clk 00:48:21]} {[%emt 00:00:41]} Bxc3 {[%clk 00:55:09]} {[%emt
00:00:14]} 25. exd5 {[%clk 00:48:23]} {[%emt 00:00:28]} Nxd4 {[%clk 00:53:31]}
{[%emt 00:02:08]} 26. Bxd4 {[%clk 00:47:10]} {[%emt 00:01:42]} Bxd2 {[%clk
00:53:43]} {[%emt 00:00:18]} 27. Rxb7 {[%clk 00:46:53]} {[%emt 00:00:47]} Rg6
{[%clk 00:52:38]} {[%emt 00:01:33]} 28. Rb8+ {[%clk 00:45:20]} {[%emt
00:02:05]} Kd7 {[%clk 00:52:14]} {[%emt 00:00:52]} 29. Rfb1 {[%clk 00:45:09]}
{[%emt 00:00:44]} exd5 {[%clk 00:42:39]} {[%emt 00:10:05]} 30. R1b7+ {[%clk
00:44:22]} {[%emt 00:01:17]} Kc6 {[%clk 00:41:27]} {[%emt 00:01:38]} 31. Be5
{[%clk 00:38:29]} {[%emt 00:06:27]} Ba5 {[%clk 00:40:04]} {[%emt 00:01:49]} 32.
Rb5 {[%clk 00:30:56]} {[%emt 00:08:06]} Be6 {[%clk 00:39:45]} {[%emt 00:00:48]}
33. Bd1 {[%clk 00:27:16]} {[%emt 00:04:12]} Bc7 {[%clk 00:38:38]} {[%emt
00:01:36]} 34. Bxc7 {[%clk 00:19:28]} {[%emt 00:08:18]} Kxc7 {[%clk 00:38:38]}
{[%emt 00:00:30]} 35. R5b7+ {[%clk 00:19:27]} {[%emt 00:00:32]} Kc6 {[%clk
00:38:08]} {[%emt 00:00:56]} 36. a4 {[%clk 00:18:27]} {[%emt 00:01:34]} Kc5
{[%clk 00:33:55]} {[%emt 00:04:40]} 37. Rb5+ {[%clk 00:17:54]} {[%emt
00:01:05]} Kd4 {[%clk 00:34:09]} {[%emt 00:00:14]} 38. Kf1 {[%clk 00:17:38]}
{[%emt 00:00:48]} Bd7 {[%clk 00:30:49]} {[%emt 00:03:47]} 39. Rb2 {[%clk
00:16:38]} {[%emt 00:01:33]} Bxa4 {[%clk 00:26:28]} {[%emt 00:04:51]} 40. Rd2+
{[%clk 00:16:34]} {[%emt 00:00:34]} Kc5 {[%clk 00:26:30]} {[%emt 00:00:26]} 41.
Rd8 {[%clk 00:16:10]} {[%emt 00:00:56]} Rgd6 {[%clk 00:26:19]} {[%emt
00:00:41]} 42. Rc8+ {[%clk 00:15:30]} {[%emt 00:01:10]} Rac6 {[%clk 00:25:51]}
{[%emt 00:00:56]} 43. Rxc6+ {[%clk 00:14:53]} {[%emt 00:01:09]} Bxc6 {[%clk
00:23:39]} {[%emt 00:02:43]} 44. Ke2 {[%clk 00:15:06]} {[%emt 00:00:17]} d4
{[%clk 00:23:36]} {[%emt 00:00:32]} 45. Ra2 {[%clk 00:15:19]} {[%emt 00:00:17]}
Bb5 {[%clk 00:23:44]} {[%emt 00:00:22]} 46. Kd2 {[%clk 00:15:25]} {[%emt
00:00:23]} c3+ {[%clk 00:23:55]} {[%emt 00:00:18]} 47. Kc2 {[%clk 00:15:37]}
{[%emt 00:00:19]} Kb4 {[%clk 00:24:17]} {[%emt 00:00:09]} 48. Ra1 {[%clk
00:15:39]} {[%emt 00:00:28]} d3+ {[%clk 00:23:54]} {[%emt 00:00:52]} 49. Kc1
{[%clk 00:15:43]} {[%emt 00:00:26]} d2+ {[%clk 00:23:41]} {[%emt 00:00:43]} 50.
Kc2 {[%clk 00:15:46]} {[%emt 00:00:27]} Bd3# {[%clk 00:24:05]} {[%emt
00:00:06]} 0-1

[Event "Deutsche Ländermeisterschaft 2025"]
[Site "Oer-Erkenschwick GER"]
[Date "2025.10.02"]
[Round "3"]
[White "Retzlaff, Nick"]
[Black "Mai, Mariella"]
[Result "0-1"]
[Termination "normal"]
[Board "6.6"]
[WhiteElo "1875"]
[BlackElo "1748"]
[WhiteClock "00:06:56"]
[BlackClock "00:02:40"]
[WhiteTeam "Württemberg"]
[BlackTeam "Sachsen"]
[PlyCount "112"]
[WhiteFideId "34610367"]
[BlackFideId "16281780"]
[EventCountry "GER"]
[EventRounds "7"]
[EventType "team-swiss"]
[EventDate "2025.09.30"]

1. e4 {[%clk 01:30:58]} {[%emt 00:00:02]} c6 {[%clk 01:30:44]} {[%emt
00:00:16]} 2. Nc3 {[%clk 01:31:23]} {[%emt 00:00:04]} d5 {[%clk 01:31:02]}
{[%emt 00:00:12]} 3. Nf3 {[%clk 01:31:49]} {[%emt 00:00:05]} Bg4 {[%clk
01:30:39]} {[%emt 00:00:52]} 4. h3 {[%clk 01:32:13]} {[%emt 00:00:07]} Bxf3
{[%clk 01:30:36]} {[%emt 00:00:33]} 5. Qxf3 {[%clk 01:32:35]} {[%emt 00:00:07]}
e6 {[%clk 01:30:53]} {[%emt 00:00:13]} 6. d3 {[%clk 01:32:58]} {[%emt
00:00:08]} h6 {[%clk 01:28:01]} {[%emt 00:03:21]} 7. Be2 {[%clk 01:30:43]}
{[%emt 00:02:45]} Nf6 {[%clk 01:27:38]} {[%emt 00:00:54]} 8. O-O {[%clk
01:29:03]} {[%emt 00:02:09]} Bd6 {[%clk 01:20:31]} {[%emt 00:07:37]} 9. d4
{[%clk 01:27:57]} {[%emt 00:01:36]} dxe4 {[%clk 01:18:32]} {[%emt 00:02:29]}
10. Nxe4 {[%clk 01:27:03]} {[%emt 00:01:24]} Nxe4 {[%clk 01:18:55]} {[%emt
00:00:07]} 11. Qxe4 {[%clk 01:27:29]} {[%emt 00:00:05]} Nd7 {[%clk 01:17:37]}
{[%emt 00:01:48]} 12. c4 {[%clk 01:23:59]} {[%emt 00:03:59]} Nf6 {[%clk
01:15:23]} {[%emt 00:02:45]} 13. Qf3 {[%clk 01:21:44]} {[%emt 00:02:45]} Bc7
{[%clk 01:04:09]} {[%emt 00:11:44]} 14. Bf4 {[%clk 01:17:48]} {[%emt 00:04:26]}
Bxf4 {[%clk 00:59:34]} {[%emt 00:05:07]} 15. Qxf4 {[%clk 01:18:13]} {[%emt
00:00:04]} Qb6 {[%clk 00:58:36]} {[%emt 00:01:28]} 16. b3 {[%clk 01:15:43]}
{[%emt 00:03:00]} Rd8 {[%clk 00:57:12]} {[%emt 00:01:54]} 17. Rad1 {[%clk
01:13:59]} {[%emt 00:02:14]} O-O {[%clk 00:56:43]} {[%emt 00:00:59]} 18. Rfe1
{[%clk 01:13:33]} {[%emt 00:00:56]} Qa5 {[%clk 00:53:20]} {[%emt 00:03:51]} 19.
a4 {[%clk 01:06:48]} {[%emt 00:07:18]} Rd7 {[%clk 00:50:41]} {[%emt 00:03:09]}
20. Bd3 {[%clk 01:04:12]} {[%emt 00:03:05]} Rfd8 {[%clk 00:47:08]} {[%emt
00:04:01]} 21. Re5 {[%clk 00:52:29]} {[%emt 00:12:16]} Qb6 {[%clk 00:41:22]}
{[%emt 00:06:14]} 22. Qe3 {[%clk 00:50:34]} {[%emt 00:02:26]} Kh8 {[%clk
00:37:40]} {[%emt 00:04:11]} 23. Bc2 {[%clk 00:31:46]} {[%emt 00:19:19]} Rxd4
{[%clk 00:34:54]} {[%emt 00:03:16]} 24. Rxd4 {[%clk 00:31:18]} {[%emt
00:00:58]} Qxd4 {[%clk 00:33:49]} {[%emt 00:01:35]} 25. Kf1 {[%clk 00:17:18]}
{[%emt 00:14:29]} Qa1+ {[%clk 00:29:00]} {[%emt 00:05:20]} 26. Qe1 {[%clk
00:17:17]} {[%emt 00:00:32]} Qb2 {[%clk 00:27:49]} {[%emt 00:01:40]} 27. Re2
{[%clk 00:14:27]} {[%emt 00:03:19]} Qd4 {[%clk 00:27:07]} {[%emt 00:01:11]} 28.
Re3 {[%clk 00:13:46]} {[%emt 00:01:12]} Qc5 {[%clk 00:16:11]} {[%emt 00:11:25]}
29. Qc3 {[%clk 00:13:25]} {[%emt 00:00:53]} Rd4 {[%clk 00:12:01]} {[%emt
00:04:37]} 30. Ke2 {[%clk 00:13:09]} {[%emt 00:00:49]} a6 {[%clk 00:10:50]}
{[%emt 00:01:41]} 31. a5 {[%clk 00:11:25]} {[%emt 00:02:14]} Kg8 {[%clk
00:09:27]} {[%emt 00:01:53]} 32. g3 {[%clk 00:08:16]} {[%emt 00:03:39]} Qh5+
{[%clk 00:07:30]} {[%emt 00:02:26]} 33. f3 {[%clk 00:06:44]} {[%emt 00:02:03]}
Rd7 {[%clk 00:05:31]} {[%emt 00:02:30]} 34. h4 {[%clk 00:06:04]} {[%emt
00:01:10]} Qc5 {[%clk 00:05:47]} {[%emt 00:00:13]} 35. b4 {[%clk 00:05:56]}
{[%emt 00:00:39]} Qd6 {[%clk 00:06:06]} {[%emt 00:00:12]} 36. Kf2 {[%clk
00:05:10]} {[%emt 00:01:15]} Nh5 {[%clk 00:05:16]} {[%emt 00:01:20]} 37. f4
{[%clk 00:04:59]} {[%emt 00:00:41]} Qd2+ {[%clk 00:04:18]} {[%emt 00:01:28]}
38. Kf3 {[%clk 00:05:13]} {[%emt 00:00:17]} Qh2 {[%clk 00:03:17]} {[%emt
00:01:30]} 39. Kg4 {[%clk 00:04:55]} {[%emt 00:00:48]} Nf6+ {[%clk 00:02:56]}
{[%emt 00:00:51]} 40. Kf3 {[%clk 00:04:55]} {[%emt 00:00:30]} Rd2 {[%clk
00:02:49]} {[%emt 00:00:37]} 41. Qxd2 {[%clk 00:03:33]} {[%emt 00:01:52]} Qxd2
{[%clk 00:03:04]} {[%emt 00:00:14]} 42. Re2 {[%clk 00:03:54]} {[%emt 00:00:10]}
Qc3+ {[%clk 00:02:45]} {[%emt 00:00:49]} 43. Kg2 {[%clk 00:04:03]} {[%emt
00:00:20]} Qxc4 {[%clk 00:02:59]} {[%emt 00:00:17]} 44. Rd2 {[%clk 00:04:29]}
{[%emt 00:00:04]} Nd5 {[%clk 00:02:18]} {[%emt 00:01:11]} 45. Bd3 {[%clk
00:04:32]} {[%emt 00:00:27]} Qxb4 {[%clk 00:02:30]} {[%emt 00:00:18]} 46. Re2
{[%clk 00:04:50]} {[%emt 00:00:11]} Qxa5 {[%clk 00:02:15]} {[%emt 00:00:46]}
47. f5 {[%clk 00:05:12]} {[%emt 00:00:08]} Qc3 {[%clk 00:01:54]} {[%emt
00:00:45]} 48. Bb1 {[%clk 00:05:32]} {[%emt 00:00:16]} Ne3+ {[%clk 00:01:46]}
{[%emt 00:00:37]} 49. Kh3 {[%clk 00:05:48]} {[%emt 00:00:15]} Nxf5 {[%clk
00:01:57]} {[%emt 00:00:20]} 50. Rg2 {[%clk 00:05:47]} {[%emt 00:00:30]} Nxh4
{[%clk 00:01:23]} {[%emt 00:01:04]} 51. Kxh4 {[%clk 00:06:06]} {[%emt
00:00:10]} Qb4+ {[%clk 00:01:49]} {[%emt 00:00:06]} 52. g4 {[%clk 00:06:21]}
{[%emt 00:00:14]} Qxb1 {[%clk 00:02:08]} {[%emt 00:00:12]} 53. Kh3 {[%clk
00:05:51]} {[%emt 00:01:00]} Qh1+ {[%clk 00:01:56]} {[%emt 00:00:41]} 54. Rh2
{[%clk 00:06:11]} {[%emt 00:00:11]} Qf3+ {[%clk 00:02:06]} {[%emt 00:00:20]}
55. Kh4 {[%clk 00:06:35]} {[%emt 00:00:06]} g5+ {[%clk 00:02:27]} {[%emt
00:00:09]} 56. Kh5 {[%clk 00:06:56]} {[%emt 00:00:09]} Qf6 {[%clk 00:02:40]}
{[%emt 00:00:17]} 0-1